Word Ladder: Can They? Quiz Stats

 Plays Quiz not verified by Sporcle

Challenge
Share
Tweet
Score 0/14 Timer 01:30
0 Plays Today
Clue 4-Letter Word % Correct
You comb or brush thisHAIR
97.8%
Frozen rainHAIL
96.9%
Someone expected to inheritHEIR
95.9%
Advance a boat using windSAIL
91.8%
Grant temporary use ofLEND
91.2%
Finish a flightLAND
91.2%
Pick up, aurallyHEAR
88.2%
Clue 4-Letter Word % Correct
❓ White froth on beer ❓❓ HEAD ❓
87%
Musical option for a weddingBAND
84.6%
X-ray vision stopperLEAD
84.3%
Egypt's Port ____SAID
65.7%
❓ 'Batman' sound effect ❓❓ BANG ❓
61.8%
Slide out of controlSKID
56.6%
❓ It's got you covered ❓❓ SKIN ❓
49.8%

You're not logged in!

Compare scores with friends on all Sporcle quizzes.
OR
Log In

You Might Also Like...

Show Comments

Extras

Top Quizzes Today


Score Distribution

Your Account Isn't Verified!

In order to create a playlist on Sporcle, you need to verify the email address you used during registration. Go to your Sporcle Settings to finish the process.

Report this User

Report this user for behavior that violates our Community Guidelines.

Details: